Statistics for Maisie Peters - I’m Trying (Not Friends)

Click here to take the quiz!

General Stats

  • This quiz has been taken 46 times
  • The average score is 415 of 499

Answer Stats

Answer% Correct
a
100%
And
100%
and
100%
be
100%
I
100%
I’m
100%
in
100%
No,
100%
you
100%
You
100%
you,
100%
do
97%
least
97%
like
97%
Not
97%
on
97%
So
97%
so
97%
try
97%
yeah,
97%
Yeah,
97%
yeah
97%
your
97%
at
94%
At
94%
broke
94%
don’t
94%
Don’t
94%
girl
94%
It
94%
it
94%
it’s
94%
It’s
94%
of
94%
though
94%
thought
94%
to
94%
trying
94%
We
94%
we’re
94%
were
94%
who
94%
But
91%
but
91%
friends
91%
One
91%
one
91%
some
91%
that
91%
the
91%
then
91%
Then
91%
two
91%
up
91%
up,
91%
would
91%
2020
88%
didn’t
88%
for
88%
good
88%
just
88%
Just
88%
London
88%
me
88%
me?
88%
my
88%
when
88%
work
88%
bad
84%
big
84%
Boy
84%
‘Cause
84%
last
84%
love
84%
penny
84%
was
84%
you’re
84%
Got
81%
Saw
81%
us
81%
gonna
78%
has
78%
if
78%
keep
78%
promise
78%
awful
75%
being
75%
bitter
75%
broken
75%
forward
75%
honest
75%
little
75%
lying
75%
might
75%
off
75%
petty
75%
resent
75%
somewhere
75%
swore
75%
better
72%
between
72%
does
72%
dream
72%
happen
72%
I’ll
72%
Nothing
72%
step
72%
this
72%
time,
72%
time
72%
want
72%
awkward
69%
been
69%
come
69%
gotta
69%
hope
69%
killed
69%
nice
69%
night
69%
pride
69%
swallow
69%
twisted
69%
all
66%
bigger
66%
bus
66%
care
66%
could
66%
hate
66%
her
66%
I’d
66%
make
66%
man,
66%
miss
66%
there
66%
alone
63%
dreams
63%
early
63%
even
63%
Even
63%
fucking
63%
guys
63%
happened
63%
home
63%
house
63%
hurt
63%
lost
63%
secondary
63%
someone
63%
wash
63%
whole
63%
with
63%
build
59%
handshake
59%
Kinda
59%
many
59%
she’s
59%
shots,
59%
sorry
59%
still
59%
think
59%
baby
56%
blank
56%
drops
56%
frank
56%
guitars
56%
lemon
56%
Okay,
56%
puts
56%
train
56%
why
56%
asked
53%
calling
53%
changed
53%
couldn’t
53%
five
53%
haven’t
53%
healthy
53%
is
53%
obsessed
53%
pretty
53%
seeing
53%
settle
53%
slates
53%
surprised
53%
telling
53%
Three
53%
Well,
53%
20s
50%
cemetery
50%
funny,
50%
grown
50%
look
50%
public
50%
actually
47%
cried
47%
explain,
47%
girlfriend
47%
guts,
47%
mature
47%
people
47%
almost
44%
bore
44%
inspiring
44%
really
44%
swallowed
44%
told
44%
low
41%
babe
38%
cool
38%
tryna
38%
God!
31%

Score Distribution

Percentile by Number Answered

Percent of People with Each Score

Your Score History

You have not taken this quiz